ARRUPE JESUIT UNIVERSITY

CORONAVIRUS -STOP THE SPREAD - CLEAN,DISINFECT,COVER

In the presence of mystery (Record no. 8593)

MARC details
000 -LEADER
fixed length control field 00554nam a2200181Ia 4500
003 - CONTROL NUMBER IDENTIFIER
control field 0100
005 - DATE AND TIME OF LATEST TRANSACTION
control field 20220519115746.0
008 - FIXED-LENGTH DATA ELEMENTS--GENERAL INFORMATION
fixed length control field 130303s9999 xx 000 0 und d
020 ## - INTERNATIONAL STANDARD BOOK NUMBER
International Standard Book Number 0896224252
040 ## - CATALOGING SOURCE
Transcribing agency ARRUPELIB
050 ## - LIBRARY OF CONGRESS CALL NUMBER
Classification number BL48.B363 1984
300 ## - PHYSICAL DESCRIPTION
Dimensions 23 cm.
300 ## - PHYSICAL DESCRIPTION
Other physical details
100 ## - MAIN ENTRY--PERSONAL NAME
Personal name Barnes, Michael Horace
9 (RLIN) 51677
245 ## - TITLE STATEMENT
Title In the presence of mystery
Remainder of title an introduction to the story of human religiousness
Statement of responsibility, etc Michael Horace Barnes
260 ## - PUBLICATION, DISTRIBUTION, ETC. (IMPRINT)
Place of publication, distribution, etc Mystic, CON
Name of publisher, distributor, etc Twenty-Third Publications
Date of publication, distribution, etc 1984
300 ## - PHYSICAL DESCRIPTION
Extent viii, 330 p. ;
942 ## - ADDED ENTRY ELEMENTS (KOHA)
Source of classification or shelving scheme Library of Congress Classification
Koha item type Monograph ( Printed materials)
Holdings
Withdrawn status Lost status Source of classification or shelving scheme Damaged status Not for loan Collection code Home library Current library Shelving location Date acquired Total Checkouts Full call number Barcode Date last seen Copy number Price effective from Koha item type
    Library of Congress Classification     Main Collection ARRUPE LIBRARY ARRUPE LIBRARY Main Collection 04/03/2013   BL48.B363 1984 46003015055 26/10/2016 1 04/03/2013 Monograph ( Printed materials)
    Library of Congress Classification     Main Collection ARRUPE LIBRARY ARRUPE LIBRARY Main Collection 19/05/2022   BL48.B363 1984 46600008602 19/05/2022   19/05/2022 Monograph ( Printed materials)

 

Arrupe Library. PO Box MP320 Mt Pleasant, Harare, Zimbabwe
263 242 745411|librarian@aju.ac.zw